000 00493nam a22001937a 4500
942 _cBK
999 _c826
_d826
005 20250420134825.0
008 230328b ||||| |||| 00| 0 eng d
020 _a9781292057125
040 _cKCST
082 _a530
_bGi Ph
100 _aGiancoli, Douglas C.
_94698
245 _aPhysics :
_bprinciples with applications /
_cDouglas C. Giancolli
250 _a7th, Global ed.
260 _aBoston:
_bPearson;
_c2016
300 _a983 p.
650 _2Physics
942 _2ddc